Escala de Mohs - Estadísticas

Estadísticas generales
  • Esta prueba ha sido intentada 29 veces
  • La puntuación promedio es 8 de 20
Estadísticas de respuestas
Hint Respuesta % Correcto
10 Diamante
100%
1 Talco
95%
2 Yeso
80%
9 Corindón
75%
7 Cuarzo
75%
8 Topacio
60%
4 Fluorita
55%
3 Calcita
50%
6 Ortosa
50%
5 Apatito
45%
- Carburo de silicio
15%
- Cristal
15%
- Cuchillo
15%
- Cuchillo
15%
- Diemante
15%
- Lima
15%
- Moneda
15%
- Tungsteno
15%
- Uña
15%
- Uña
15%
No se encontraron pruebas coincidentes
Distribución de puntuación
Porcentaje de gente con cada puntuación
Porcentaje por número respondido
Historial de tus puntuaciones
No has intentado esta prueba.